Syair Bidasari / (Record no. 4244)

000 -LEADER
fixed length control field nam a22 a 4500
003 - CONTROL NUMBER IDENTIFIER
control field AKMAL
005 - DATE AND TIME OF LATEST TRANSACTION
control field 20170525161000.0
008 - FIXED-LENGTH DATA ELEMENTS--GENERAL INFORMATION
fixed length control field 170525s1989 my a00 may d
020 ## - INTERNATIONAL STANDARD BOOK NUMBER
International Standard Book Number 9836206388
040 ## - CATALOGING SOURCE
Original cataloging agency AKMAL
082 04 - DEWEY DECIMAL CLASSIFICATION NUMBER
Classification number 988.08 JAM
090 ## - LOCALLY ASSIGNED LC-TYPE CALL NUMBER (OCLC); LOCAL CALL NUMBER (RLIN)
Classification number (OCLC) (R) ; Classification number, CALL (RLIN) (NR) 988.08
Local cutter number (OCLC) ; Book number/undivided call number, CALL (RLIN) JAM
245 ## - TITLE STATEMENT
Title Syair Bidasari /
Statement of responsibility, etc. diselenggarakan oleh Jamilah Hj. Ahmad
260 ## - PUBLICATION, DISTRIBUTION, ETC.
Place of publication, distribution, etc. Kuala Lumpur :
Name of publisher, distributor, etc. Dewan Bahasa dan Pustaka,
Date of publication, distribution, etc. 1989
300 ## - PHYSICAL DESCRIPTION
Extent xliv, 334ms. ;
Dimensions 22cm
504 ## - BIBLIOGRAPHY, ETC. NOTE
Bibliography, etc. note Bibliografi: ms.333-334
650 ## - SUBJECT ADDED ENTRY--TOPICAL TERM
Topical term or geographic name entry element Syair
9 (RLIN) 7748
650 ## - SUBJECT ADDED ENTRY--TOPICAL TERM
Topical term or geographic name entry element Malay poetry
9 (RLIN) 7739
700 0# - ADDED ENTRY--PERSONAL NAME
Personal name Jamilah Haji Ahmad,
Dates associated with a name 1951-
9 (RLIN) 8302
942 ## - ADDED ENTRY ELEMENTS (KOHA)
Source of classification or shelving scheme
Koha item type Book
Holdings
Withdrawn status Lost status Source of classification or shelving scheme Damaged status Not for loan Collection code Home library Current library Shelving location Date acquired Inventory number Total Checkouts Full call number Barcode Date last seen Price effective from Koha item type
          FICTION AKMAL Melaka AKMAL Melaka PINJAMAN 25.05.2017 800448   988.08 JAM 201705423 25.05.2017 25.05.2017 Book
Pusat Sumber Maklumat Dato' Haji Sarmin Md Hussin, Akademi Kastam Diraja Malaysia, Melaka
Tel: 06-2331106 | Faks: 06-2313787